00684nam a2200217Ia 4500003000900000008004100009040001300050040001300063041000800076100002800084245007500112250001000187260001200197260000900209300001100218300001200229490000600241942000700247999001700254952019500271IT-RoPAU120407s9999 xx 000 0 und d aIT-RoPAU cIT-RoPAU afra aClement Dillenschneider aLe principe premier d’une theologie mariale organique. Orientations. aParis aAlsatia c1956 a156 p. c21,5 cm v1 cBK c26296d26296 00102ddc406243_20000000000000071aPAULUSbPAULUSd2012-04-11l0o243.2r2012-04-11 00:00:00w2012-04-11yBKzInserito da: Mario In data: 06 agosto 2011 fondo: Via A.Severo 56 Progr:23689